000 00423nam a2200169Ia 4500
008 210210b1950 xxu||||| |||| 00| 0 eng d
041 _aeng
082 _a791/15
100 _aCREEK (F N S)
245 _aTeach yourself cricket
260 _aLondon
_bThe English Universities Press Ltd.
_c1950
650 _ayourself
650 _aTeach
650 _acricket
690 _aAthletic & Outdoor Sports
906 _a011061
999 _c139169
_d139169